An introduction to turbulent flow

Αποθηκεύτηκε σε:
Λεπτομέρειες βιβλιογραφικής εγγραφής
Κύριος συγγραφέας: Mathieu, Jean 1924-
Άλλοι συγγραφείς: Scott, Julian 1954-
Μορφή: Βιβλίο
Γλώσσα:English
Δημοσίευση: Cambridge ; New York : Cambridge University Press, 2000
Θέματα:
Ετικέτες: Προσθήκη ετικέτας
Δεν υπάρχουν, Καταχωρήστε ετικέτα πρώτοι!

MARC

LEADER 00000nam a2200000 i 4500
001 1/79687
008 080401s2000 eng d
020 |a 0-521-77538-8 
035 |l 10096024 
040 |a GR-MY-UA  |b gre  |e aacr 
041 0 |a eng 
082 0 |a 532.0527  |2 (22) 
100 1 |a Mathieu, Jean  |d 1924- 
245 1 3 |a An introduction to turbulent flow /  |c Jean Mathieu, Julian Scott 
260 |a Cambridge ; New York :   |b Cambridge University Press,   |c 2000 
300 |a ix, 374 σ.;  |b εικ.;  |c 26 εκ. 
504 |a Περιέχει βιβλιογραφικές παραπομπές και ευρετήριο 
650 0 0 |a Turbulence. 
700 1 |a Scott, Julian  |d 1954- 
852 |a INST  |b SAMOS  |e 20080401  |h 532.0527 MAT  |p 005300026635  |q 005300026635  |t BK  |y 0 
901 |a BIBL3-2008-1 
909 |a Σ  |b 142424 
922 |a 3ΕΛΗ  |b 200712  |c ΕΠΕΑΕΚ2/ΤΜΗΜΑ ΜΑΘΗΜΑΤΙΚΩΝ  |d ΕΛΕΥΘΕΡΟΥΔΑΚΗΣ 
970 |a ΡΟΥΣΣΟΥ  |b ΚΩΝΣΤΑΝΤΙΝΑ  |z 2008/04/01